000 01148cam a2200301 a 4500
001 3069794
003 OSt
005 20240628141404.0
008 970305s1997 enka b 001 0 eng
010 _a 97010237
020 _a052162018X (hardcover)
020 _a0521629829 (paperback)
040 _cmust
050 0 0 _aGN33
_b.L37 1997
082 0 0 _a301 LAY 1997
_221
100 1 _aLayton, Robert,
_d1944-
_918350
245 1 3 _aAn introduction to theory in anthropology /
_cRobert Layton.
260 _aCambridge ;
_aNew York :
_bCambridge University Press,
_c1997.
300 _axi, 241 p. :
_bill. ;
_c23 cm.
504 _aIncludes bibliographical references (p. 216-231) and index.
650 0 _aAnthropology
_xPhilosophy.
_918351
650 0 _aAnthropology
_xMethodology.
_918352
856 4 2 _3Publisher description
_uhttp://www.loc.gov/catdir/description/cam028/97010237.html
856 4 1 _3Table of contents
_uhttp://www.loc.gov/catdir/toc/cam021/97010237.html
906 _a7
_bcbc
_corignew
_d1
_eocip
_f19
_gy-gencatlg
942 _2z
_cO_SHELF
999 _c9025
_d9025